000 00551nam a22001817a 4500
999 _c169981
_d169981
005 20191213155537.0
010 _aB-208795
020 _c130.00
035 _aB-208795
037 _bBPPD/Pub.
082 _a615.54
100 _aرضی ال اسلام نروی
245 _aمقالاتے طب /
_cرضی ال اسلام نروی
246 _aMaqalate tabb (Urdu)
_bby Razi-Al-Islam narvi
260 _aPatna
_bKhuda Baksh Oriental Public Library
_c2006 ء
300 _a188p.
_c20cm(Hb)
942 _2ddc
_cUR
_h615.54
_mر ض ی